| 000 | 00779nam a2200277Ia 4500 | ||
|---|---|---|---|
| 003 | OSt | ||
| 005 | 20260114135224.0 | ||
| 008 | 210716s2006 xx 000 0 und d | ||
| 020 | _a9788126507888 | ||
| 040 | _cAIMIT LIBRARY | ||
| 041 | _aeng | ||
| 082 |
_a621.3991 _bKUNJ |
||
| 100 |
_aKundert-Gibbs, John. _9251221 |
||
| 245 |
_aMastering maya 7 / _cBy John Kundert-Gibbs ...[et.al.] |
||
| 250 | _a1 | ||
| 260 |
_aNew Delhi _bWiley India _c2006 |
||
| 300 | _axxix,833 | ||
| 650 |
_aNone _9251222 |
||
| 700 |
_aKunzendorf, Eric. _9251223 |
||
| 700 |
_aDerakhshani,Dariush. _9251224 |
||
| 700 |
_aLarkins, Mick. _9251225 |
||
| 700 |
_aKeller, Eric. _9251226 |
||
| 700 |
_aLivny, Boaz. _9251227 |
||
| 700 |
_aSouza, Mark De. _9251228 |
||
| 942 |
_2ddc _cBK _k621.3991 KUNJ |
||
| 999 |
_c187721 _d187721 |
||